000 00687nam a22002057a 4500
999 _c16509
_d16509
003 AR-CdUCM
008 190503b ||||| |||| 00| 0 spa d
040 _aMUNICIPALIDAD PROVINCIAL DEL CUSCO
_cBIBLIOTECA MUNICIPAL DEL CUSCO
082 _a869.813 /
_bQ71
100 _aQuiroga, Horacio
_917014
245 _aEl desierto /
260 _aBuenos Aires :
_bLautaro,
_c1951.
300 _a141 páginas ;
_b18 cm.
505 _aContenido: El desierto -- El peón -- Una conquista -- Silvina y Monit -- El espectro -- El Síncope blanco...
650 _aCuentos uruguayos
_919539
650 _aSiglo XX
_98
650 _aUruguay
_92511
942 _2ddc
_cLIBROS
945 _adavv
_d03/05/2019